Bolívar : (Registro nro. 14424)

Detalles MARC
000 -LIDER
fixed length control field 01317nam a2200313 a 4500
001 - NÚMERO DE CONTROL
Identificador de número de control 000039189
003 - IDENTIFICACDOR DE NÚMERO DE CONTROL
control field DO-SdBNP
005 - DATE AND TIME OF LATEST TRANSACTION
control field 20230717100858.0
008 - ELEMENTOS DE LONGITUD FIJA
fixed length control field 130607s2013 dr c 000 0 spa d
020 ## - ISBN
International Standard Book Number 9789945454420
040 ## - FUENTE DE CATALOGACIÓN
Agencia que crea de manera original el registro DO-SdBNP
Idioma de catalogación spa
Agencia que realiza la transcripción BPMSU
082 #4 - NÚMERO DE CLASIFICACIÓN DECIMAL DE DEWEY
Classification number 923.287
Item number B689C 2013
Edition number 22
100 1# - ASIENTO PRINCIPAL -- NOMBRE PERSONAL
Nombre personal Castro Ventura, Santiago
100 z# - ASIENTO PRINCIPAL -- NOMBRE PERSONAL
Nombre personal Ventura, Santiago Castro
245 10 - MENCIÓN DE TITULO
Título Bolívar :
Subtítulo en el ámbito de las Antillas /
Mención de responsabilidad Santiago Castro Ventura ; prólogo Ángel R. Veras Aybar.
260 ## - PUBLICACIÓN, DISTRIBUCIÓN, ETC. (PIE DE IMPRENTA)
Lugar de publicación, distribución, etc Santo Domingo :
Nombre del editor, distribuidor, etc. Editora Manatí,
Fecha de publicación, distribución, etc 2013.
300 ## - DESCRIPCIÓN FÍSICA
Extensión 269 p. :
Otros detalles físicos retrs. ;
Dimensiones 24 cm.
500 ## - NOTA GENERAL
Nota general Incluye índice onomástico
500 ## - NOTA GENERAL
Nota general Incluye datos biográficos del autor en la contracubierta
500 ## - NOTA GENERAL
Nota general Incluye datos biográficos del autor en la contraportada
504 ## - NOTA DE BIBLIOGRAFÍA, ETC.
Bibliography, etc Bibliografía : 253-262
505 0# - NOTA DE CONTENIDO
Texto normalizado de contenido Al ruedo de la historia --Jamaica y la sentencia anti-colonial --De Petión a Bolívar --Emerge desde las cenizas --La colonia de Santo Domingo --La colonia de Cuba --El sino antillano de Bolívar --Cronología de Bolívar en las Antillas
590 ## - NOTA LOCAL
Enlace Inventariado, 2023/VM
600 14 - ENCABEZAMIENTO DE MATERIA--NOMBRE PERSONAL
Nombre personal Bolívar, Simón
Fechas asociadas con el nombre 1783-1830
651 #4 - ENCABEZAMIENTO DE MATERIA--NOMBRE GEOGRÁFICO
Nombre geográfico Caribe (Región)
Subdivisión temática general Historia
700 1# - ASIENTO SECUNDARIO -- NOMBRE PERSONAL
Nombre personal Veras Aybar, Ángel R.,
Mención de responsabilidad pról.
910 ## - VALIDACIÓN
Validación VMateo V. Control de calidad (BPMSU)
942 ## - ADDED ENTRY ELEMENTS (KOHA)
Source of classification or shelving scheme Dewey Decimal Classification
Koha item type Libros
Existencias
Withdrawn status Lost status Source of classification or shelving scheme Damaged status Not for loan Collection code Home library Current library Date acquired Total Checkouts Full call number Barcode Date last seen Price effective from Koha item type
    Dewey Decimal Classification     Colección Dominicana Biblioteca Pública Metropolitana Salomé Ureña Biblioteca Pública Metropolitana Salomé Ureña 07/17/2023   BPMSU CD 923.287 B689C 2013 BPMSU23070036 07/17/2023 07/17/2023 Libros